| 000 | 01148cam a22003255i 4500 | ||
|---|---|---|---|
| 001 | 4468910 | ||
| 003 | EG-ScBUE | ||
| 005 | 20250515093221.0 | ||
| 008 | 960123t1997 caua f 001 0 eng d | ||
| 020 | _a093570275X | ||
| 020 | _a9780935702750 | ||
| 040 |
_aEG-ScBUE _beng _erda _cEG-ScBUE _dEG-ScBUE |
||
| 082 | 0 | 4 |
_a530.16 _bTAY _222 |
| 100 | 1 |
_aTaylor, John R. _q(John Robert), _d1939- _940750 _eauthor. |
|
| 245 | 1 | 3 |
_aAn introduction to error analysis : _bthe study of uncertainties in physical measurements / _cJohn R. Taylor, professor of physics, University of Colorado. |
| 246 | 3 | 0 | _aError analysis |
| 250 | _aSecond edition. | ||
| 264 | 1 |
_aSausalito, California : _bUniversity Science Books, _c[1997] |
|
| 264 | 4 | _cc1997 | |
| 300 |
_axvii, 332 pages : _billustrations ; _c26 cm |
||
| 336 |
_2rdacontent _atext _btxt |
||
| 337 |
_aunmediated _2rdamedia _bn |
||
| 338 |
_avolume _bnc _2rdacarrier |
||
| 500 | _aIncludes index. | ||
| 650 | 7 |
_aPhysical measurements. _2BUEsh _97520 |
|
| 650 | 7 |
_aError analysis (Mathematics) _2BUEsh _939080 |
|
| 650 | 7 |
_aMathematical physics. _2BUEsh _96575 |
|
| 655 | _vReading book | ||
| 942 |
_2ddc _cBB |
||
| 999 |
_c22175 _d22147 |
||